<?xml version="1.0" encoding="UTF-8"?>
<record
    xmlns:xsi="http://www.w3.org/2001/XMLSchema-instance"
    xsi:schemaLocation="http://www.loc.gov/MARC21/slim http://www.loc.gov/standards/marcxml/schema/MARC21slim.xsd"
    xmlns="http://www.loc.gov/MARC21/slim">

  <leader>00382nam a22001577a 4500</leader>
  <controlfield tag="003">OSt</controlfield>
  <controlfield tag="005">20240327160935.0</controlfield>
  <controlfield tag="008">190328b        xxu||||| |||| 00| 0 eng d</controlfield>
  <datafield tag="020" ind1=" " ind2=" ">
    <subfield code="a">8182836832</subfield>
  </datafield>
  <datafield tag="040" ind1=" " ind2=" ">
    <subfield code="c">IIMT UNIVERSITY</subfield>
  </datafield>
  <datafield tag="100" ind1=" " ind2=" ">
    <subfield code="a">SHARMA B.K</subfield>
  </datafield>
  <datafield tag="245" ind1=" " ind2=" ">
    <subfield code="a">ENVIRONMNTAL CHEMISTRY</subfield>
  </datafield>
  <datafield tag="260" ind1=" " ind2=" ">
    <subfield code="a">MEERUT </subfield>
    <subfield code="b">KRISHNA PUB</subfield>
    <subfield code="c">2018</subfield>
  </datafield>
  <datafield tag="300" ind1=" " ind2=" ">
    <subfield code="a">VARIOUS</subfield>
  </datafield>
  <datafield tag="942" ind1=" " ind2=" ">
    <subfield code="2">ddc</subfield>
    <subfield code="c">02</subfield>
    <subfield code="e">SIX ED 2018</subfield>
  </datafield>
  <datafield tag="999" ind1=" " ind2=" ">
    <subfield code="c">44843</subfield>
    <subfield code="d">44843</subfield>
  </datafield>
  <datafield tag="952" ind1=" " ind2=" ">
    <subfield code="0">0</subfield>
    <subfield code="1">0</subfield>
    <subfield code="2">ddc</subfield>
    <subfield code="4">0</subfield>
    <subfield code="7">0</subfield>
    <subfield code="a">01</subfield>
    <subfield code="b">01</subfield>
    <subfield code="d">2019-03-28</subfield>
    <subfield code="e">KIRTI  PRAKASHAN</subfield>
    <subfield code="g">950.00</subfield>
    <subfield code="i">IN3383</subfield>
    <subfield code="p">01-B-128811</subfield>
    <subfield code="r">2019-03-28</subfield>
    <subfield code="u">ENVIRONMENTAL STUDIES</subfield>
    <subfield code="w">2019-03-28</subfield>
    <subfield code="y">06</subfield>
  </datafield>
  <datafield tag="952" ind1=" " ind2=" ">
    <subfield code="0">0</subfield>
    <subfield code="1">0</subfield>
    <subfield code="2">ddc</subfield>
    <subfield code="4">0</subfield>
    <subfield code="7">0</subfield>
    <subfield code="a">01</subfield>
    <subfield code="b">01</subfield>
    <subfield code="d">2019-03-28</subfield>
    <subfield code="e">KIRTI  PRAKASHAN</subfield>
    <subfield code="g">950.00</subfield>
    <subfield code="i">IN3383</subfield>
    <subfield code="l">2</subfield>
    <subfield code="p">01-B-128812</subfield>
    <subfield code="r">2020-09-16</subfield>
    <subfield code="s">2020-02-18</subfield>
    <subfield code="u">ENVIRONMENTAL STUDIES</subfield>
    <subfield code="w">2019-03-28</subfield>
    <subfield code="y">02</subfield>
  </datafield>
  <datafield tag="952" ind1=" " ind2=" ">
    <subfield code="0">0</subfield>
    <subfield code="1">0</subfield>
    <subfield code="2">ddc</subfield>
    <subfield code="4">0</subfield>
    <subfield code="7">0</subfield>
    <subfield code="a">01</subfield>
    <subfield code="b">01</subfield>
    <subfield code="d">2019-03-28</subfield>
    <subfield code="e">KIRTI  PRAKASHAN</subfield>
    <subfield code="g">950.00</subfield>
    <subfield code="i">IN3383</subfield>
    <subfield code="l">2</subfield>
    <subfield code="p">01-B-128813</subfield>
    <subfield code="r">2020-09-18</subfield>
    <subfield code="s">2020-02-19</subfield>
    <subfield code="u">ENVIRONMENTAL STUDIES</subfield>
    <subfield code="w">2019-03-28</subfield>
    <subfield code="y">02</subfield>
  </datafield>
  <datafield tag="952" ind1=" " ind2=" ">
    <subfield code="0">0</subfield>
    <subfield code="1">0</subfield>
    <subfield code="2">ddc</subfield>
    <subfield code="4">0</subfield>
    <subfield code="7">0</subfield>
    <subfield code="a">01</subfield>
    <subfield code="b">01</subfield>
    <subfield code="d">2019-03-28</subfield>
    <subfield code="e">KIRTI  PRAKASHAN</subfield>
    <subfield code="g">950.00</subfield>
    <subfield code="i">IN3383</subfield>
    <subfield code="l">1</subfield>
    <subfield code="p">01-B-128814</subfield>
    <subfield code="r">2019-06-08</subfield>
    <subfield code="s">2019-03-29</subfield>
    <subfield code="u">ENVIRONMENTAL STUDIES</subfield>
    <subfield code="w">2019-03-28</subfield>
    <subfield code="y">02</subfield>
  </datafield>
  <datafield tag="952" ind1=" " ind2=" ">
    <subfield code="0">0</subfield>
    <subfield code="1">0</subfield>
    <subfield code="2">ddc</subfield>
    <subfield code="4">0</subfield>
    <subfield code="7">0</subfield>
    <subfield code="a">01</subfield>
    <subfield code="b">01</subfield>
    <subfield code="d">2019-03-28</subfield>
    <subfield code="e">KIRTI  PRAKASHAN</subfield>
    <subfield code="g">950.00</subfield>
    <subfield code="i">IN3383</subfield>
    <subfield code="l">1</subfield>
    <subfield code="p">01-B-128815</subfield>
    <subfield code="r">2020-09-15</subfield>
    <subfield code="s">2020-03-02</subfield>
    <subfield code="u">ENVIRONMENTAL STUDIES</subfield>
    <subfield code="w">2019-03-28</subfield>
    <subfield code="y">02</subfield>
  </datafield>
  <datafield tag="952" ind1=" " ind2=" ">
    <subfield code="0">0</subfield>
    <subfield code="1">0</subfield>
    <subfield code="2">ddc</subfield>
    <subfield code="4">0</subfield>
    <subfield code="7">0</subfield>
    <subfield code="a">01</subfield>
    <subfield code="b">01</subfield>
    <subfield code="d">2019-03-28</subfield>
    <subfield code="e">KIRTI  PRAKASHAN</subfield>
    <subfield code="g">950.00</subfield>
    <subfield code="i">IN3383</subfield>
    <subfield code="l">1</subfield>
    <subfield code="p">01-B-128816</subfield>
    <subfield code="r">2019-06-08</subfield>
    <subfield code="s">2019-04-01</subfield>
    <subfield code="u">ENVIRONMENTAL STUDIES</subfield>
    <subfield code="w">2019-03-28</subfield>
    <subfield code="y">02</subfield>
  </datafield>
  <datafield tag="952" ind1=" " ind2=" ">
    <subfield code="0">0</subfield>
    <subfield code="1">0</subfield>
    <subfield code="2">ddc</subfield>
    <subfield code="4">0</subfield>
    <subfield code="7">0</subfield>
    <subfield code="a">01</subfield>
    <subfield code="b">01</subfield>
    <subfield code="d">2019-03-28</subfield>
    <subfield code="e">KIRTI  PRAKASHAN</subfield>
    <subfield code="g">950.00</subfield>
    <subfield code="i">IN3383</subfield>
    <subfield code="l">2</subfield>
    <subfield code="p">01-B-128817</subfield>
    <subfield code="r">2020-09-26</subfield>
    <subfield code="s">2020-02-28</subfield>
    <subfield code="u">ENVIRONMENTAL STUDIES</subfield>
    <subfield code="w">2019-03-28</subfield>
    <subfield code="y">02</subfield>
  </datafield>
</record>
